000 00320 a2200157 4500
001 57846
020 _a
040 _cAnchieta - Pituba
100 _aGalsworthy, John
240 1 0 _aO proprietário
_lpor
245 1 0 _aO proprietário
300 _a101
362 0 _a1971
650 4 _aFicção inglesa
942 _cBK
999 _c57846
_d57846